000 00261nam a2200097Ia 4500
001 1047827
005 20250826232243.0
008 250824s9999 xx 000 0 und d
245 0 _aDOĞU BATI ARASINDA İSLAM
_cALİYA İZZETBEGOVİÇ
260 _bKETEBE YAYINLARI
999 _c1047827
_d1047827